Detalles MARC
| 000 -CABECERA |
| campo de control de longitud fija |
01274nam a2200289 4500 |
| 003 - IDENTIFICADOR DEL NÚMERO DE CONTROL |
| campo de control |
DO-SdBNP |
| 005 - FECHA Y HORA DE LA ÚLTIMA TRANSACCIÓN |
| campo de control |
20230418152228.0 |
| 007 - CAMPO FIJO DE DESCRIPCIÓN FÍSICA--INFORMACIÓN GENERAL |
| campo de control de longitud fija |
ta |
| 008 - DATOS DE LONGITUD FIJA--INFORMACIÓN GENERAL |
| campo de control de longitud fija |
210414b2015 dr a|||| |||| 00| 0 spa d |
| 020 #4 - NÚMERO INTERNACIONAL ESTÁNDAR DEL LIBRO |
| Número Internacional Estándar del Libro |
9789945867381 |
| 040 #4 - FUENTE DE LA CATALOGACIÓN |
| Centro catalogador/agencia de origen |
DO-SdBNP |
| Lengua de catalogación |
spa |
| Centro/agencia transcriptor |
BNPHU |
| 082 #4 - NÚMERO DE LA CLASIFICACIÓN DECIMAL DEWEY |
| Número de clasificación |
628.15729356 |
| Número de documento/Ítem |
D978c |
| Número de edición |
22 |
| 100 1# - ENTRADA PRINCIPAL--NOMBRE DE PERSONA |
| 9 (RLIN) |
13188 |
| Nombre de persona |
Durán, Carmen |
| 245 10 - MENCIÓN DE TÍTULO |
| Título |
CORAASAN en el centenario del primer acueducto de Santiago 1915-2015 : |
| Resto del título |
vida, agua, desarrollo sostenible y ciudadanía / |
| Mención de responsabilidad, etc. |
Carmen Durán ; prólogo Héctor Jáquez ; edición Lillibel Blanco Fernández |
| 260 ## - PUBLICACIÓN, DISTRIBUCIÓN, ETC. |
| Lugar de publicación, distribución, etc. |
Santiago de los Caballeros, República Dominicana : |
| Nombre del editor, distribuidor, etc. |
Molina Composición, |
| Fecha de publicación, distribución, etc. |
2015. |
| 300 ## - DESCRIPCIÓN FÍSICA |
| Extensión |
221 p. : |
| Otras características físicas |
il. ; |
| Dimensiones |
22 cm. |
| 500 ## - NOTA GENERAL |
| Nota general |
Incluye datos biográficos del autor en las solapas e índice onomástico |
| 500 ## - NOTA GENERAL |
| Nota general |
Fotografía de portada : Alex Castro del Valle |
| 504 ## - NOTA DE BIBLIOGRAFÍA, ETC. |
| Nota de bibliografía, etc. |
Bibliografía : p. 207-211 |
| 590 ## - NOTA LOCAL (RLIN) |
| Nota local |
Inventariado, 2023/BT |
| 650 #4 - PUNTO DE ACCESO ADICIONAL DE MATERIA--TÉRMINO DE MATERIA |
| Término de materia o nombre geográfico como elemento de entrada |
Acueducto |
| Subdivisión de forma |
Santiago de los Caballeros |
| Subdivisión cronológica |
1915 |
| Subdivisión geográfica |
República Dominicana |
| 9 (RLIN) |
78852 |
| 650 #4 - PUNTO DE ACCESO ADICIONAL DE MATERIA--TÉRMINO DE MATERIA |
| Término de materia o nombre geográfico como elemento de entrada |
Acueducto de Santiago |
| Subdivisión geográfica |
República Dominicana |
| 9 (RLIN) |
78853 |
| 650 #4 - PUNTO DE ACCESO ADICIONAL DE MATERIA--TÉRMINO DE MATERIA |
| Término de materia o nombre geográfico como elemento de entrada |
Acueductos |
| Subdivisión cronológica |
Siglo XVI |
| Subdivisión geográfica |
República Dominicana |
| 9 (RLIN) |
78854 |
| 650 #4 - PUNTO DE ACCESO ADICIONAL DE MATERIA--TÉRMINO DE MATERIA |
| Término de materia o nombre geográfico como elemento de entrada |
Acueducto |
| Subdivisión general |
Santiago |
| Subdivisión cronológica |
Siglo XIX - XX |
| Subdivisión geográfica |
República Dominicana |
| 9 (RLIN) |
78855 |
| 910 ## - DATOS DE OPCIÓN DEL USUARIO (OCLC) |
| Datos de opción del usuario |
Btavárez |
| 942 ## - ELEMENTOS DE PUNTO DE ACCESO ADICIONAL (KOHA) |
| Fuente del sistema de clasificación o colocación |
Dewey Decimal Classification |
| Tipo de ítem Koha |
Libro |